000 00580nam a2200241Ia 4500
003 0100
008 130303s9999 xx 000 0 und d
020 _a0631175555
040 _cARRUPELIB
050 _aBJ1012.W63 1991
100 _aWiggins, David
245 _aNeeds, Values, Truth
245 _bessays in the philosophy of value
250 _a2nd ed.
260 _aOxford
260 _bBasil Blackwell, Inc.
260 _C1991
300 _axi
300 _b 366p. 22cm.
440 _aAristotelian Society Series , Vol. 6
650 _aETHICS
942 0 0 _02
999 _c20253
_d20253